| 000 | 00811cab a2200253 4500 | ||
|---|---|---|---|
| 001 | WB3146-10 | ||
| 008 | 090401t1995 xxu||||| |||| 00| 0 eng d | ||
| 035 | _a(Sirsi) u45676 | ||
| 041 | _aeng | ||
| 245 | _aNatWest quits the NatWest Tower | ||
| 260 | _c1995 | ||
| 350 | _a0 | ||
| 490 |
_aSunday Times _v3 December 1995, 1:2 |
||
| 490 |
_aDaily Telegraph _v6 December 1995, 26 |
||
| 490 |
_aTimes _v3 December 1995, 1:2(2) |
||
| 520 | _aNational Westminster Bank has decided not to move back into its former NatWest Tower headquarters building damaged by the Bishopgate bomb in April 1993. | ||
| 650 | _aBANKS | ||
| 650 | _aHEADQUARTERS BUILDINGS | ||
| 650 | _aNATIONAL WESTMINSTER BANK | ||
| 650 | _aNATWEST TOWER | ||
| 690 | _aPROPERTY-COMMERCIAL PROPERTY | ||
| 942 | _n0 | ||
| 948 | _c04/03/1997 | ||
| 999 |
_c28913 _d28913 |
||